420 Self-Assessment questions in postgraduate medicine : (Record no. 10131)
[ view plain ]
| 000 -LEADER | |
|---|---|
| fixed length control field | 00678nam a22002052 4500 |
| 001 - CONTROL NUMBER | |
| control field | 0000024019 |
| 005 - DATE AND TIME OF LATEST TRANSACTION | |
| control field | 20151217152254.0 |
| 008 - FIXED-LENGTH DATA ELEMENTS--GENERAL INFORMATION | |
| fixed length control field | 130429s xx 000 0 eng d |
| 020 ## - INTERNATIONAL STANDARD BOOK NUMBER | |
| International Standard Book Number | 0397445628 : |
| 040 ## - CATALOGING SOURCE | |
| Original cataloging agency | KABU |
| Transcribing agency | KABU |
| 100 1# - MAIN ENTRY--PERSONAL NAME | |
| Personal name | Bouloux, P-M G. |
| -- | 0000183904 |
| 245 10 - TITLE STATEMENT | |
| Title | 420 Self-Assessment questions in postgraduate medicine : |
| Remainder of title | slides, case histories & data interpretation / |
| Statement of responsibility, etc. | P-M G. Bouloux, C. J. Dickinson. |
| 250 ## - EDITION STATEMENT | |
| Edition statement | 1st ed. |
| 260 ## - PUBLICATION, DISTRIBUTION, ETC. (IMPRINT) | |
| Place of publication, distribution, etc. | London : |
| Name of publisher, distributor, etc. | Gower, |
| Date of publication, distribution, etc. | 1987. |
| 300 ## - PHYSICAL DESCRIPTION | |
| Extent | 1 v. (various pagings) ; |
| 650 #0 - SUBJECT ADDED ENTRY--TOPICAL TERM | |
| Topical term or geographic name as entry element | Dickinson, C. J. |
| -- | 0000183905 |
| 852 1# - LOCATION | |
| -- | p200 KES |
| 908 ## - PUT COMMAND PARAMETER (RLIN) | |
| Put command parameter | 130429 |
| 950 ## - LOCAL HOLDINGS (RLIN) | |
| -- | 1 |
| Withdrawn status | Lost status | Source of classification or shelving scheme | Not for loan | Home library | Current library | Date acquired | Total Checkouts | Full call number | Barcode | Date last seen | Date last checked out | Price effective from | Koha item type |
|---|---|---|---|---|---|---|---|---|---|---|---|---|---|
| Library of Congress Classification | Kabarak, Main Campus | Kabarak, Main Campus | 17/12/2015 | 1 | R834.5 .B68 1987 c. 1 | 015041 | 20/05/2024 | 18/05/2024 | 17/12/2015 | General Collection |